ট্রাক্টর ও কৃষিযন্ত্রের ব্যবহার এবং রক্ষনাবেক্ষণ তত্ত্ব / (Record no. 48162)
[ view plain ]
| 000 -LEADER | |
|---|---|
| fixed length control field | 00955nam a2200229 a 4500 |
| 001 - CONTROL NUMBER | |
| control field | 48162 |
| 003 - CONTROL NUMBER IDENTIFIER | |
| rucl marc code | BD-RjUL |
| 005 - DATE AND TIME OF LATEST TRANSACTION | |
| control field | 20211209054454.0 |
| 008 - FIXED-LENGTH DATA ELEMENTS--GENERAL INFORMATION | |
| fixed length control field | 160813s1992 bg ||||| |||| 00| 0 ben d |
| 020 ## - INTERNATIONAL STANDARD BOOK NUMBER | |
| Terms of availability | : 125.00 |
| 035 ## - SYSTEM CONTROL NUMBER | |
| System control number | (BD-RjUL)48281 |
| 040 ## - CATALOGING SOURCE | |
| Original cataloging agency | BD-RjUL |
| Language of cataloging | ben |
| Transcribing agency | BD-RjUL |
| 041 ## - LANGUAGE CODE | |
| Language code of text/sound track or separate title | ben |
| 082 ## - DEWEY DECIMAL CLASSIFICATION NUMBER | |
| Edition number | 23 |
| Classification number | 631.3 |
| Author mark and year | MOT 1992 |
| 100 1# - MAIN ENTRY--PERSONAL NAME | |
| Personal name | মন্ডল, মোঃ নজরুল ইসলাম |
| 9 (RLIN) | 145913 |
| 245 10 - TITLE STATEMENT | |
| Title | ট্রাক্টর ও কৃষিযন্ত্রের ব্যবহার এবং রক্ষনাবেক্ষণ তত্ত্ব / |
| 260 ## - PUBLICATION, DISTRIBUTION, ETC. (IMPRINT) | |
| Place of publication, distribution, etc. | বগুড়া : |
| Name of publisher, distributor, etc. | মিসেস আফ্রোজা বুলবুল লায়লা, |
| Date of publication, distribution, etc. | ১৯৯২ |
| 300 ## - PHYSICAL DESCRIPTION | |
| Pagination | ২০৮ পৃ. : |
| Illustrations | চিত্র ; |
| Size | ২৫ সেমি. |
| 650 ## - SUBJECT ADDED ENTRY--TOPICAL TERM | |
| Topical term or geographic name as entry element | কৃষি সরঞ্জাম, যন্ত্রপাতি |
| 9 (RLIN) | 145914 |
| Topical term or geographic name as entry element | Agrcultural tools, machinery |
| 9 (RLIN) | 145915 |
| 942 ## - ADDED ENTRY ELEMENTS (KOHA) | |
| Source of classification or shelving scheme | Dewey Decimal Classification |
| Koha item type | Books |
| Lost status | Source of classification or shelving scheme | Damaged status | Not for loan | Collection code | Permanent Location | Current Location | Shelving location | Date acquired | Source of acquisition | Cost, normal purchase price | Total Checkouts | Full call number | Date last seen | Copy number | Koha item type |
|---|---|---|---|---|---|---|---|---|---|---|---|---|---|---|---|
| Dewey Decimal Classification | Non-fiction | Central Library, University of Rajshahi | Central Library, University of Rajshahi | 14/01/1993 | Najrul Islam, Natore | 125.00 | B 631.3 MOT 1992 | 13/08/2016 | C-2 | Books |